شا ہ علی حسن جا ءسی فن ا و ر شخصيت (Record no. 93792)

MARC details
000 -LEADER
fixed length control field 00743nam a22002177a 4500
005 - DATE AND TIME OF LATEST TRANSACTION
control field 20150520130742.0
008 - FIXED-LENGTH DATA ELEMENTS--GENERAL INFORMATION
fixed length control field 140714b xxu||||| |||| 00| 0 Urdu d
010 ## - LCCN (DPL NO)
LC control number UR-8936
020 ## - INTERNATIONAL STANDARD BOOK NUMBER
Terms of availability 300.00
035 ## - SYSTEM CONTROL NUMBER
System control number U-7491
037 ## - SOURCE OF ACQUISITION
Source of stock number/acquisition BPPD/Pub/Ven
040 ## - CATALOGING SOURCE
Original cataloging agency DPL
Language of cataloging Urdu
082 ## - DEWEY DECIMAL CLASSIFICATION NUMBER
Classification number 840.920
100 ## - MAIN ENTRY--PERSONAL NAME
Personal name فا ر و ق ا حمد
245 ## - TITLE STATEMENT
Title شا ہ علی حسن جا ءسی فن ا و ر شخصيت
Statement of responsibility, etc فا ر و ق ا حمد
246 ## - VARYING FORM OF TITLE
Title proper/short title Shah Ali Hasan Jaisi Fun Aur Shakhsiyat
Remainder of title By Farooq Ahmad
260 ## - PUBLICATION, DISTRIBUTION, ETC. (IMPRINT)
Name of publisher, distributor, etc Educational Publishing House
Date of publication, distribution, etc 2013
Place of publication, distribution, etc Delhi
270 ## - ADDRESS
Address 3108,Vakil Street Kucha Pandit,Lal Kuan
City Delhi
Telephone number 01123216162
Postal code 110006
300 ## - PHYSICAL DESCRIPTION
Extent 303ص
Dimensions 22Cm (Hb)
942 ## - ADDED ENTRY ELEMENTS (KOHA)
Source of classification or shelving scheme Dewey Decimal Classification
Item type Urdu Bks
Edition
Classification part 840.920
Call number suffix ف ا ر
Holdings
Withdrawn status Lost status Source of classification or shelving scheme Damaged status Not for loan Collection code Home library Current library Date acquired Source of acquisition Cost, normal purchase price Total Checkouts Full call number Barcode Date last seen Copy number Cost, replacement price Koha item type
    Dewey Decimal Classification   Not For Loan Non-fiction Central Library Central Library 20/05/2015 DBAD/Pub. 300.00   840.920 ف ا ر U-7491 20/05/2015 1 300.00 Urdu Bks

© Delhi Public Library
Hit Counter
free hit counter